| 000 | 00792nam a2200241 a 4500 | ||
|---|---|---|---|
| 008 | |||
| 020 | _a033517163x (pbk.) | ||
| 049 | _aMAIN | ||
| 090 | _aQD501 OPE | ||
| 100 | 1 | _aThe Open University. | |
| 245 | 1 | 0 |
_a281: basic physical science for technology : _bUnit 8: rate, Unit 9: thermochemistry / _cprepared by the Open University Course Team chaired by I. Boustead |
| 260 |
_aMilton Keynes : _bThe Open University , _c1984 |
||
| 300 |
_a71 p. : _bill. , _c30 cm. |
||
| 490 | _aTechnology: a second level course. | ||
| 650 | _aThermochemical. | ||
| 650 | _aReactions rates. | ||
| 650 |
_aRate _xphysics. |
||
| 907 |
_a.b10233362 _b20-02-07 _c20-02-07 |
||
| 003 | |||
| 005 | 20230123134404.0 | ||
| 040 | _cNUST | ||
| 942 |
_cBOOKS _kQD501 OPE |
||
| 999 |
_c165067 _d165067 |
||